000
00361nam a2200133Ia 4500
008
151001s9999||||xx |||||||||||||| ||und||
100
_a
शर्मा क्षीरसागर
245
_a
वायुयान की कहानी
250
_a
1
260
_b
अपराजिता
260
_c
2005
300
_a
48
365
_b
24
999
_c
989239
_d
989236